مكتبة جامعة عجلون الوطنية

فهرس بحث المكتبة

قطف الازهار في كشف الاسرار، ج2 (Record no. 32716)

MARC details
000 -LEADER
fixed length control field 00866nam a2200229Ii 4500
003 - CONTROL NUMBER IDENTIFIER
control field JO-AjNU
008 - FIXED-LENGTH DATA ELEMENTS--GENERAL INFORMATION
fixed length control field 230605s9999||||xx |||||||||||||| ||und||
017 ## - COPYRIGHT OR LEGAL DEPOSIT NUMBER
Copyright or legal deposit number 41/1994
020 ## - INTERNATIONAL STANDARD BOOK NUMBER
International Standard Book Number 99921-23-23-6
040 ## - CATALOGING SOURCE
Original cataloging agency JO-AjNU
Language of cataloging ara
Description conventions rda
Transcribing agency JO-AjNU
041 ## - LANGUAGE CODE
Language code of text/sound track or separate title ara
050 14 - LIBRARY OF CONGRESS CALL NUMBER
Classification number BP131.5.S29.1994
100 3# - MAIN ENTRY--PERSONAL NAME
Personal name السيوطي، جلال الدين؛ تحقيق ودراسة احمد بن محمد الحمادي,
Relator term author
9 (RLIN) 64174
245 00 - TITLE STATEMENT
Title قطف الازهار في كشف الاسرار، ج2
250 ## - EDITION STATEMENT
Edition statement ط1
264 31 - PRODUCTION, PUBLICATION, DISTRIBUTION, MANUFACTURE, AND COPYRIGHT NOTICE
Place of production, publication, distribution, manufacture قطر: وزارة الاوقاف والشؤون الاسلامية، 1994
300 ## - PHYSICAL DESCRIPTION
Extent ج2: 679-1206ص
Other physical details يحتوي على آيات قرآنية واحاديث نبوية
336 ## - CONTENT TYPE
Content type term text
Content type code txt
Source rdacontent
337 ## - MEDIA TYPE
Media type term unmediated
Media type code n
Source rdamedia
338 ## - CARRIER TYPE
Carrier type term volume
Carrier type code nc
Source rdacarrier
650 #4 - SUBJECT ADDED ENTRY--TOPICAL TERM
Topical term or geographic name entry element القرآن-تفاسير
9 (RLIN) 64175
Holdings
Withdrawn status Lost status Source of classification or shelving scheme Damaged status Not for loan Home library Current library Shelving location Date acquired Total Checkouts Full call number Barcode Date last seen Price effective from Koha item type
    Library of Congress Classification     مكتبة جامعة عجلون الوطنية مكتبة جامعة عجلون الوطنية المراجع 06/06/2023   BP131.5.S29.1994 A29148 06/06/2023 06/06/2023 Reference